| 000 | 00951nam a2200217Ia 4500 | ||
|---|---|---|---|
| 999 |
_c36365 _d36365 |
||
| 001 | 2277 | ||
| 003 | GE_BSU | ||
| 005 | 20190502104624.0 | ||
| 008 | 181216s1996||||ge |||||||||||||| ||geo|| | ||
| 040 | _cGE_BSU | ||
| 080 | _a616.31(075.8) ბ–91 | ||
| 100 |
_aბრეგაძე, ა. _9622 |
||
| 245 |
_aკლინიკური სტომატოლოგია : _bსამედ. ინ – ტის სტუდენტებისათვის / _cა. ბრეგაძე, ო. ბრეგაძე; რედ. მ. ომანიძე. |
||
| 250 |
_a2 – ე გამოცემა. _bსახელმძღვანელო |
||
| 264 |
_aთბილისი: _b"მედეა", _c1996 |
||
| 300 |
_a263გვ. : _bცხ.; _c19სმ. |
||
| 653 | _aმედიცინა | ||
| 653 | _aსტომატოლოგია | ||
| 700 |
_aბრეგაძე, ა. _eავტორი _9622 |
||
| 942 |
_cBK _2udc |
||